[Event "Eastern Asia-ch U14"]
[Site "Tornelo INT"]
[Date "2021.10.31"]
[Round "9"]
[White "Prathamesh, Santosh Gawade"]
[Black "Abdullaev, Rasulbek"]
[Result "0-1"]
[WhiteElo "1312"]
[BlackElo "1589"]
[PlyCount "160"]
[EventDate "2021.10.29"]
[EventType "swiss"]
[EventRounds "9"]
[EventCountry "NET"]
[SourceTitle "EXT 2023"]
[Source "ChessBase"]
[SourceDate "2022.10.05"]
[SourceVersion "1"]
[SourceVersionDate "2022.10.05"]
[SourceQuality "1"]

1. e4 c5 2. Nf3 d6 3. d4 cxd4 4. Nxd4 Nf6 5. Nc3 e6 6. Be3 Nc6 7. Bc4 a6 8. Bb3 Qc7 9. f4 Be7 10. Qf3 Bd7 11. 0-0-0 Rc8 12. Kb1 b5 13. f5 e5 14. Nxc6 Bxc6 15. Rd2 b4 16. Nd5 Bxd5 17. exd5 a5 18. g4 h6 19. h4 Qd7 20. g5 a4 21. gxf6 Bxf6 22. Qe4 axb3 23. axb3 Qb5 24. Rd4 Rb8 25. Rg1 Qa5 26. Rg4 Ra8 27. Kc1 Qa1+ 28. Kd2 Qxb2 29. Rxb4 Qa1 30. Ra4 Rxa4 31. Qxa4+ Qxa4 32. Rxa4 0-0 33. h5 Rb8 34. Ra6 Be7 35. Ra7 Bg5 36. Rd7 Rb4 37. Bxg5 hxg5 38. Rxd6 g4 39. Rd8+ Kh7 40. d6 Rd4+ 41. Ke3 Kh6 42. c3 Rd1 43. Ke2 g3 44. d7 g2 45. Rh8+ Kg5 46. Rg8 Kf6 47. Kxd1 g1Q+ 48. Ke2 Qg4+ 49. Ke3 Qf4+ 50. Ke2 Qe4+ 51. Kd2 Qd5+ 52. Kc2 Qxd7 53. b4 e4 54. Ra8 e3 55. Ra1 Qd2+ 56. Kb3 e2 57. b5 Qd1+ 58. Rxd1 exd1Q+ 59. Kb4 Qd6+ 60. Ka5 Qc5 61. Ka6 Qxc3 62. b6 Kxf5 63. Kb7 Kg5 64. h6 gxh6 65. Ka7 Qc5 66. Ka8 Qa5+ 67. Kb7 h5 68. Kc7 h4 69. Kc6 h3 70. b7 Qa7 71. Kc7 h2 72. Kc8 Qxb7+ 73. Kxb7 h1Q+ 74. Kc7 Kf6 75. Kb8 Ke6 76. Ka7 Kd6 77. Kb8 Kc6 78. Ka7 f5 79. Kb8 Qh7 80. Ka8 Qb7# 0-1

[Event "Eastern Asia-ch U14"]
[Site "Tornelo INT"]
[Date "2021.10.31"]
[Round "7"]
[White "Prathamesh, Santosh Gawade"]
[Black "Beh, Keat Ket"]
[Result "1-0"]
[WhiteElo "1312"]
[BlackElo "1133"]
[PlyCount "58"]
[EventDate "2021.10.29"]
[EventType "swiss"]
[EventRounds "9"]
[EventCountry "NET"]
[SourceTitle "EXT 2023"]
[Source "ChessBase"]
[SourceDate "2022.10.05"]
[SourceVersion "1"]
[SourceVersionDate "2022.10.05"]
[SourceQuality "1"]

1. e4 c5 2. Nf3 d6 3. d4 cxd4 4. Nxd4 Nf6 5. Nc3 a6 6. Bc4 Qc7 7. Bb3 Nc6 8. Be3 b5 9. f4 e6 10. Qf3 Bb7 11. 0-0-0 Nxd4 12. Bxd4 Be7 13. Qg3 b4 14. Ba4+ Kf8 15. e5 dxe5 16. fxe5 bxc3 17. exf6 cxb2+ 18. Bxb2 Qxg3 19. fxe7+ Kxe7 20. hxg3 Bxg2 21. Rd7+ Kf8 22. Rhd1 f6 23. Ba3+ Kg8 24. Bb3 Bd5 25. R1xd5 Rb8 26. Rd8+ Kf7 27. R5d7+ Kg6 28. Rxh8 Rxh8 29. Bxe6 Re8 1-0

[Event "Eastern Asia-ch U14"]
[Site "Tornelo INT"]
[Date "2021.10.30"]
[Round "4"]
[White "Prathamesh, Santosh Gawade"]
[Black "Pawar, Harshit"]
[Result "0-1"]
[WhiteElo "1312"]
[BlackElo "1717"]
[PlyCount "98"]
[EventDate "2021.10.29"]
[EventType "swiss"]
[EventRounds "9"]
[EventCountry "NET"]
[SourceTitle "EXT 2023"]
[Source "ChessBase"]
[SourceDate "2022.10.05"]
[SourceVersion "1"]
[SourceVersionDate "2022.10.05"]
[SourceQuality "1"]

1. e4 c5 2. Nf3 e6 3. d4 cxd4 4. Nxd4 a6 5. c4 Nf6 6. Nc3 Qc7 7. Be3 b6 8. Bd3 Bb7 9. Qc2 Ng4 10. 0-0-0 Nxe3 11. fxe3 Be7 12. Rdf1 0-0 13. h4 Nc6 14. h5 h6 15. Qd2 Nxd4 16. Bb1 Nc6 17. Nd5 exd5 18. exd5 Ne5 19. b3 Nxc4 20. bxc4 Qxc4+ 21. Bc2 Bg5 22. Kb1 Bxd5 23. Bb3 Be4+ 24. Kb2 Qd3 25. Qxd3 Bxd3 26. Rd1 Bf5 27. Rhe1 Rae8 28. Rf1 Be6 29. Ba4 Bxe3 30. Bxd7 Bxd7 31. Rxd7 Bg5 32. Rf2 Re6 33. Rb7 Re7 34. Rd7 Rxd7 35. a4 Rd2+ 36. Rxd2 Bxd2 37. Kb3 Rc8 38. a5 bxa5 39. Ka4 Rb8 40. g4 Rb4+ 41. Ka3 Rxg4 42. Kb3 f5 43. Kc2 Bb4 44. Kb3 f4 45. Ka4 f3 46. Kb3 f2 47. Ka4 f1Q 48. Kb3 Rg3+ 49. Ka4 Qb5# 0-1

[Event "Eastern Asia-ch U14"]
[Site "Tornelo INT"]
[Date "2021.10.29"]
[Round "2"]
[White "Aashman, Gupta"]
[Black "Prathamesh, Santosh Gawade"]
[Result "1-0"]
[WhiteElo "1695"]
[BlackElo "1312"]
[PlyCount "125"]
[EventDate "2021.10.29"]
[EventType "swiss"]
[EventRounds "9"]
[EventCountry "NET"]
[SourceTitle "EXT 2023"]
[Source "ChessBase"]
[SourceDate "2022.10.05"]
[SourceVersion "1"]
[SourceVersionDate "2022.10.05"]
[SourceQuality "1"]

1. d4 d5 2. Bf4 e6 3. e3 Bd6 4. Nf3 Nf6 5. Nbd2 b6 6. Bd3 Bb7 7. Ne5 c5 8. Bb5+ Ke7 9. c3 a6 10. Ba4 b5 11. Bc2 Nc6 12. 0-0 Qc7 13. Nxc6+ Bxc6 14. Bxd6+ Qxd6 15. dxc5 Qxc5 16. Qe2 Rad8 17. Rad1 Ne4 18. Bxe4 dxe4 19. Nb3 Qg5 20. Rd4 Rd5 21. Rfd1 Rhd8 22. Na5 Ba8 23. R1d2 f5 24. Qd1 f4 25. Rxd5 Rxd5 26. Rxd5 Bxd5 27. exf4 Qxf4 28. Qe1 Bxa2 29. Nc6+ Kf6 30. Nb4 Bc4 31. Nxa6 h5 32. Nc5 Bd5 33. Qe3 e5 34. Nd7+ Ke6 35. Nc5+ Kf5 36. Qh3+ Kf6 37. Qe3 g5 38. h3 Kf5 39. b4 g4 40. h4 Qxe3 41. fxe3 g3 42. Nd7 Kg4 43. Nf6+ Kxh4 44. Nxd5 Kg4 45. Nf6+ Kf5 46. Nxh5 Ke6 47. Nxg3 Kd5 48. Ne2 Kc4 49. Kf2 Kd3 50. g4 Kd2 51. g5 Kd1 52. g6 Kc2 53. g7 Kd3 54. g8Q Kc2 55. Qd5 Kb2 56. Qxb5 Kb3 57. Qxe5 Kb2 58. Qxe4 Ka1 59. b5 Ka2 60. b6 Ka1 61. b7 Ka2 62. Qa4+ Kb1 63. b8R# 1-0